| 000 | 00666nam a2200193Ia 4500 | ||
|---|---|---|---|
| 008 | 151119s9999||||xx |||||||||||||| ||und|| | ||
| 082 | _a823.91रीफेन/मृत्यूशी | ||
| 082 | _bGKKV32994 | ||
| 100 | _aरीफेनबर्ग बॉ | ||
| 245 | _aमृत्यूशी शर्यत | ||
| 260 | _aपुणे | ||
| 260 | _bमेहता पब्लीशिग हाउस | ||
| 260 | _c2013 | ||
| 600 | _aरीफेनबर्ग बॉ | ||
| 630 | _aमृत्यूशी शर्यत | ||
| 700 | _aरीफेनबर्ग बॉ | ||
| 730 | _aमृत्यूशी शर्यत | ||
| 942 | _cBOOK | ||
| 999 |
_c1085295 _d1085292 |
||